|
|
|
|
| LEADER |
01973nam a2200493 a 4500 |
| 001 |
nkc20102091548 |
| 003 |
CZ PrNK |
| 005 |
20150218093359.0 |
| 007 |
ta |
| 008 |
100319s2010 xr a e f 001 0 cze |
| 015 |
|
|
|a cnb002091548
|
| 020 |
|
|
|a 978-80-7413-076-2
|q (brož.) :
|c Kč 329,00
|
| 035 |
|
|
|a (OCoLC)614293072
|
| 040 |
|
|
|a BOA001
|b cze
|d ABA001
|d OLA001
|
| 041 |
1 |
|
|a cze
|h eng
|
| 072 |
|
7 |
|a 004.4/.6
|x Programování. Software
|2 Konspekt
|9 23
|
| 080 |
|
|
|a 004.438C#
|2 MRF
|
| 080 |
|
|
|a 004.42.045
|2 MRF
|
| 080 |
|
|
|a (035)
|2 MRF
|
| 100 |
1 |
|
|a Bishop, J. M.
|q (Judith Mary),
|d 1951-
|7 stk2009477361
|4 aut
|
| 245 |
1 |
0 |
|a C# :
|b návrhové vzory /
|c Judith Bishopová ; [překlad Jiří Koutný]
|
| 246 |
1 |
|
|i V prelimináriích název:
|a C# - návrhové vzory
|
| 250 |
|
|
|a Vyd. 1.
|
| 260 |
|
|
|a Brno :
|b Zoner Press,
|c 2010
|
| 300 |
|
|
|a 328 s. :
|b il. ;
|c 23 cm
|
| 490 |
1 |
|
|a Encyklopedie Zoner Press
|
| 500 |
|
|
|a Přeloženo z angličtiny
|
| 504 |
|
|
|a Obsahuje bibliografii a rejstřík
|
| 650 |
0 |
7 |
|a C# (programovací jazyk)
|7 ph137696
|2 czenas
|
| 650 |
0 |
7 |
|a objektově orientované programování
|7 ph115529
|2 czenas
|
| 650 |
0 |
9 |
|a C#
|2 eczenas
|
| 650 |
0 |
9 |
|a object-oriented programming
|2 eczenas
|
| 655 |
|
7 |
|a příručky
|7 fd133209
|2 czenas
|
| 655 |
|
9 |
|a handbooks and manuals
|2 eczenas
|
| 765 |
0 |
|
|t C# 3.0 design patterns
|9 Česky
|
| 830 |
|
0 |
|a Encyklopedie Zoner Press
|0 s
|
| 856 |
4 |
1 |
|u http://www.digitalniknihovna.cz/mzk/uuid/uuid:d8a043e0-43de-11e4-8113-005056827e52
|y Digitalizovaný dokument
|x NDK
|
| 910 |
2 |
|
|a BOA001
|b 2-1240.689
|
| 990 |
|
|
|a BK
|
| 995 |
|
|
|a 01
|
| 991 |
|
|
|b 201005
|c NOV
|j 004.4 BIS
|
| 996 |
6 |
|
|b 2610432121
|c 2-1240.689
|l MZK
|r Sklad / do 1 hodiny
|n 3
|p p.v.
|w 001118046
|u 000010
|a 1
|e BOA001
|j MZK50
|s P
|
| 996 |
7 |
|
|b 2610432122
|c 2-1240.689
|l Vol.výběr
|r VV 0p
|n 54
|p p.v.
|h 004.4 BIS
|w 001118046
|u 000020
|a 0
|e BOA001
|j MZK50
|s A
|
| 996 |
7 |
|
|b 2610623460
|c 2-1240.689
|l Vol.výběr
|r VV 0p
|n 44
|p dar
|h 004.4 BIS
|w 001118046
|u 000030
|a 0
|e BOA001
|j MZK50
|s A
|